Cơ sở tự động điều khiển các quá trình
Trình bày những kiến thức cơ bản về hệ thống điều khiển tự động và hệ thống điều chỉnh tự động công nghệp
Gardado en:
| Autor Principal: | |
|---|---|
| Formato: | Libro |
| Idioma: | Undetermined |
| Publicado: |
Hà Nội
Giáo dục
2009
|
| Những chủ đề: | |
| Các nhãn: |
Engadir etiqueta
Sen Etiquetas, Sexa o primeiro en etiquetar este rexistro!
|
| Thư viện lưu trữ: | Trung tâm Học liệu Trường Đại học Cần Thơ |
|---|
| LEADER | 00820nam a2200205Ia 4500 | ||
|---|---|---|---|
| 001 | CTU_142853 | ||
| 008 | 210402s9999 xx 000 0 und d | ||
| 020 | |c 30500 | ||
| 082 | |a 629.8 | ||
| 082 | |b H401 | ||
| 100 | |a Nguyễn, Văn Hòa | ||
| 245 | 0 | |a Cơ sở tự động điều khiển các quá trình | |
| 245 | 0 | |c Nguyễn Văn Hòa | |
| 260 | |a Hà Nội | ||
| 260 | |b Giáo dục | ||
| 260 | |c 2009 | ||
| 520 | |a Trình bày những kiến thức cơ bản về hệ thống điều khiển tự động và hệ thống điều chỉnh tự động công nghệp | ||
| 650 | |a Automatic control engineering,Control theory,Điều khiển tự động | ||
| 904 | |i Nguyên | ||
| 980 | |a Trung tâm Học liệu Trường Đại học Cần Thơ | ||